<The> Factors Affecting Rent versus Buy Decisions and Implication for the Housing Market in Slovakia

Trh bývania v Slovenskej republike. Pohľad na cenový vývoj bytov v Slovenskej republike. Ceny bytov v Bratislave.

Saved in:
Bibliographic Details
Main Author: Fehérová, Martina, 1992-
Format: Book Chapter
Language:English
Subjects:
Tags: Add Tag
No Tags, Be the first to tag this record!

MARC

LEADER 00000naa a2200000 4500
001 0252169
005 20240502074037.4
041 0 |a eng 
044 |a SK 
245 1 0 |a <The> Factors Affecting Rent versus Buy Decisions and Implication for the Housing Market in Slovakia  |c Martina Fehérová 
520 |a Trh bývania v Slovenskej republike. Pohľad na cenový vývoj bytov v Slovenskej republike. Ceny bytov v Bratislave. 
610 2 0 |a politika bytová 
610 2 0 |a vývoj cenový 
610 2 0 |a prenájom 
610 2 0 |a Slovensko 
100 1 |a Fehérová, Martina, 1992-